Darts Pro Tour Order Of Merit (Jan 2024) - Statistics

General Stats
  • This quiz has been taken 255 times
  • The average score is 35 of 100
Answer Stats
Nation Player Prize Money (£000) % Correct
England Luke Humphries 176.25
97%
Netherlands Michael Van Gerwen 112.75
96%
Wales Gerwyn Price 159.75
94%
England Michael Smith 100
94%
England Ross Smith 89.75
91%
Australia Damon Heta 144.5
86%
Scotland Peter Wright 75.5
85%
Scotland Gary Anderson 85
79%
England Rob Cross 115.75
77%
Wales Jonny Clayton 109.5
75%
Germany Gabriel Clemens 57.75
74%
England Nathan Aspinall 62.25
70%
Northern Ireland Daryl Gurney 66.75
68%
Netherlands Raymond Van Barneveld 52.75
68%
Belgium Dimitri Van Den Bergh 53.5
67%
Germany Martin Schindler 71
67%
England Stephen Bunting 80.25
67%
Northern Ireland Brendan Dolan 54
66%
Northern Ireland Josh Rock 119
66%
Netherlands Danny Noppert 106.75
64%
England Dave Chisnall 199.5
63%
Netherlands Dirk Van Duijvenbode 131.25
60%
Poland Krzysztof Ratajski 87
60%
Australia Simon Whitlock 33
60%
Portugal Jose de Sousa 57.75
56%
England Chris Dobey 50
55%
England Joe Cullen 75.75
55%
Belgium Kim Huybrechts 41
49%
England James Wade 64
46%
England Scott Williams 28.25
46%
Wales Jim Williams 39
45%
Latvia Madars Razma 32
45%
Germany Ricardo Pietreczko 81.75
45%
England Ryan Searle 84
45%
Netherlands Gian Van Veen 62
43%
Austria Mensur Suljovic 19.25
43%
Ireland William O'Connor 28.75
41%
Croatia Boris Krcmar 21.75
40%
Austria Rowby-John Rodriguez 23.25
40%
Austria Rusty-Jake Rodriguez 16
40%
Lithuania Darius Labanauskas 13.75
36%
Belgium Mike De Decker 50.5
36%
England Andrew Gilding 69.75
35%
Canada Matt Campbell 31.5
35%
Germany Florian Hempel 22.25
34%
Ireland Keane Barry 33.25
31%
Netherlands Jermaine Wattimena 25.75
30%
England Lee Evans 27
29%
England Ricky Evans 27.5
29%
Ireland Steve Lennon 29
28%
Netherlands Vincent van der Voort 17
28%
Scotland Cameron Menzies 27.25
27%
Scotland Alan Soutar 21.5
26%
England Luke Woodhouse 50.75
26%
England Callan Rydz 44
25%
England Mervyn King 15.25
25%
Northern Ireland Mickey Mansell 29.75
25%
England Ian White 39.75
24%
United States Jules Van Dongen 25.75
24%
Poland Radek Szaganski 34.5
23%
England Martin Lukeman 30
21%
England Ritchie Edhouse 26
21%
England Steve Beaton 33.75
21%
England Ryan Joyce 60.75
19%
Germany Daniel Klose 22
18%
Ireland Dylan Slevin 29.75
18%
Netherlands Jeffrey De Zwaan 18.5
17%
Netherlands Berry Van Peer 15.75
16%
Netherlands Kevin Doets 32.5
16%
Netherlands Christian Kist 28.25
14%
England Connor Scutt 31.25
14%
Belgium Mario Vandenbogaerde 35.75
14%
Netherlands Richard Veenstra 34.5
14%
Croatia Karel Sedlacek 17
13%
England Bradley Brooks 23.5
12%
Germany Pascal Rupprecht 18
12%
Wales Robert Owen 18
12%
Netherlands Niels Zonneveld 25
11%
England Keegan Brown 24.25
10%
Netherlands Maik Kuivenhoven 23.25
10%
England Owen Bates 14
9%
England Jamie Hughes 25
8%
England Josh Payne 15.5
8%
Netherlands Martijn Kleermaker 23.25
8%
England Ryan Meikle 22.25
8%
England Stephen Burton 23.25
8%
England Ted Evetts 16.5
8%
Belgium Brian Raman 18.25
7%
Netherlands Chris Landman 21.25
7%
England Graham Usher 14.25
7%
England Arron Monk 19
6%
England Graham Hall 14.5
6%
Netherlands Jeffrey Sparidaans 18
6%
Netherlands Jurjen van der Velde 18.25
6%
England Adam Smith-Neale 13.75
5%
England George Killington 20.75
5%
England Scott Waites 21.75
5%
England Andy Boulton 22.25
4%
Scotland Ross Montgomery 14
4%
England Cam Crabtree 17
3%
No matching quizzes found
Score Distribution
Percent of People with Each Score
Percentile by Number Answered
Your Score History
You have not taken this quiz